000 01011cam a2200325 a 4500
001 2159298
003 OSt
005 20151122114031.0
008 990204s1998 enk b 000 0 eng c
010 _a 99169749
020 _a0194372146
020 _a9780194372145
040 _aCU
_cCU
_dDLC
042 _apcc
050 1 4 _aP35
_b.K73 1998
082 _222
_a425
_bKCL
100 1 _aKramsch, Claire J.
_946075
245 1 0 _aLanguage and culture /
_cClaire Kramsch.
260 _aOxford, OX :
_bOxford University Press,
_c1998.
300 _ax, 134 p. ;
_c20 cm.
440 0 _aOxford introductions to language study
_946072
504 _aIncludes bibliographical references.
650 0 _aLanguage and culture.
_948058
650 0 _aSemantics.
_948059
650 0 _aSociolinguistics.
_948060
856 4 2 _3Publisher description
_uhttp://www.loc.gov/catdir/enhancements/fy1004/99169749-d.html
906 _a7
_bcbc
_cpccunad
_du
_encip
_f19
_gy-gencatlg
942 _2ddc
_cBOOK
999 _c35492
_d269992